000 00851nam a22002777a 4500
001 BR6005323
003 BR-BrBNA
005 20230928083223.0
007 ta
008 230509b bl.||||| |||| 00| 0 por d
040 _aBR-BrBNA
_bpor
_cBiblioteca Nacional de Agricultura
041 _a(Por)
072 _aF01; B50
_b0120
090 _ 0120 BR6005323
100 1 _aViegas, G.P.
110 1 _aSecretaria da Agricultura, Industria e Commercio do Estado de Sao Paulo, Sao Paulo (Brasil). Directoria de Publicidade Agricola
245 1 _aO milho, a planta sagrada dos Incas
260 3 _aSao Paulo, SP (Brasil):
_c1945.
300 _a18 p.
500 _aReprint of "Boletim de Agricultura" Single No. - 1943
650 _aMILHO
650 _aHISTORIA
650 _aPRATICA CULTURAL
909 _a202309
_bLucia
_c55
_dLucia Elande
942 _cBK
999 _c12225
_d12225